000 00311nam a2200145Ia 4500
100 _aNone
942 _cBK
654 _aelectronics
245 _aSampling and Reconstruction trainer ST 2101 WB
260 _bnone
_aIndore
082 _a621.381536
_bSCI
300 _a43
546 _aENGLISH
999 _c29000
_d29000